Biggest Cities in Ontario - Statistics

General Stats
  • This quiz has been taken 471 times
  • The average score is 12 of 20
Answer Stats
Population City % Correct
2,615,060 Toronto
100%
883,391 Ottawa
93%
519,949 Hamilton
84%
366,151 London
83%
210,891 Windsor
76%
713,443 Mississauga
75%
219,153 Kitchener
69%
523,911 Brampton
66%
123,363 Kingston
65%
149,607 Oshawa
63%
160,274 Sudbury
61%
135,711 Barrie
57%
301,709 Markham
54%
182,520 Oakville
47%
288,301 Vaughan
46%
175,779 Burlington
44%
185,541 Richmond Hill
36%
131,400 St. Catharines
36%
122,022 Whitby
33%
126,748 Cambridge
30%
No matching quizzes found
Score Distribution
Percent of People with Each Score
Percentile by Number Answered
Your Score History
You have not taken this quiz